Statistics for Recently Extinct Animals

Click here to take the quiz!

General Stats

  • This quiz has been taken 172 times
  • The average score is 7 of 15

Answer Stats

HintAnswer% Correct
Giant pigeon native to MauritiusDodo
90%
Striped, dog-like Australian carnivoreThylacine
82%
Huge ostrich-like bird of New ZealandMoa
79%
Bird that gathered in flocks so large they blocked out the sunPassenger pigeon
70%
Similar to a zebra, but with stripes only on its head and shouldersQuagga
70%
Looked like a penguin, but was more closely related to puffinsGreat auk
55%
Arctic-dwelling manatee relativeSteller's sea cow
52%
Ancestor of modern cattleAurochs
51%
Aquatic Chinese mammal declared extinct in 2006Baiji
29%
African mammal sub-species declared extinct in 2011Western black rhinoceros
29%
One of only two parrots native to the United StatesCarolina parakeet
28%
Eurasian wild horseTarpan
21%
Extinct wild goat that has been the subject of cloning attemptsPyrenean ibex
19%
Nicknamed the "Lord God Bird"Ivory billed woodpecker
9%
Popular (though inaccurate) myth states that a single cat drove it to extinctionStephens Island wren
4%

Score Distribution

Percentile by Number Answered

Percent of People with Each Score

Your Score History

You have not taken this quiz